书目信息 |
| 题名: |
从零开始学创业大全集
|
|
| 作者: | 阳飞扬 编著 | |
| 分册: | ||
| 出版信息: | 北京 中国华侨出版社 2011.10 |
|
| 页数: | 502页 | |
| 开本: | 30cm | |
| 丛书名: | ||
| 单 册: | ||
| 中图分类: | F270 | |
| 科图分类: | ||
| 主题词: | 企业经济 | |
| 电子资源: | ||
| ISBN: | 7-5113-1669-7 | |
| 000 | 00597nam0 2200193 450 | |
| 001 | 1640161493 | |
| 005 | 20160405111039.13 | |
| 010 | @a7-5113-1669-7@dCNY29.80 | |
| 100 | @a20160405d2011 km y0chiy0120 ea | |
| 101 | 0 | @achi |
| 102 | @aCN@b110000 | |
| 200 | 1 | @a从零开始学创业大全集@Acong ling kai shi xue chuang ye da quan ji@f阳飞扬编著@Fyang fei yang bian zhu |
| 210 | @a北京@c中国华侨出版社@d2011.10 | |
| 215 | @a502页@d30cm | |
| 606 | 0 | @a企业经济 |
| 690 | @aF270@v4 | |
| 701 | 0 | @a阳飞扬@Ayang fei yang@4编著 |
| 801 | 0 | @aCN@b大连网信软件有限公司图书馆·11@c20160405 |
| 905 | @aZUCC@dF270@eY133 | |
| 从零开始学创业大全集/阳飞扬编著.-北京:中国华侨出版社,2011.10 |
| 502页;30cm |
| ISBN 7-5113-1669-7:CNY29.80 |
| ● |
| 相关链接 |
|
|
|
正题名:从零开始学创业大全集
索取号:F270/Y133
 
预约/预借
| 序号 | 登录号 | 条形码 | 馆藏地/架位号 | 状态 | 备注 |
| 1 | 1222520 | 212225206 | 招生就业处资料室/ [索取号:F270/Y133] | 在馆 |